000 00723nam a2200277Ia 4500
003 OSt
005 20220912151731.0
006 a|||||r|||| 00| 0
007 ta
008 220909b |||||||| |||| 00| 0 eng d
024 _a30194
037 _cTextual
040 _aCSL
_beng
_cCSL
041 _aeng
082 _aB325, M4
100 _aJanssen Ajem
245 0 _aIntegration theory
260 _aBerlin
_bSpringer-Verlag
_c1984
300 _a224p.
_ccm.
490 _aLecture notes in mathematics; 1078
650 _a Integral calculus
650 _aMathematics
700 _a Steen P van der
942 _hB325, M4
_cTEXL
_2CC
999 _c74165
_d74165